| 000 | 00711nam a2200265Ia 4500 | ||
|---|---|---|---|
| 001 | Z_2055 | ||
| 003 | CHAP | ||
| 008 | 220113s1991 xx 000 0 und d | ||
| 010 | _a165128 | ||
| 040 | _cCHAP | ||
| 090 | _aFolleto 307 | ||
| 100 |
_aFAO. Oficina Regional para América Latina y el Caribe _9139173 |
||
| 245 |
_aEducación agrícola superior en América Latina : sus problemas y desafíos / _cpor FAO |
||
| 260 |
_aSantiago (Chile) : _bFAO, _c1991 |
||
| 300 | _a61 h. | ||
| 500 | _aFotocopía | ||
| 650 |
_aEducación agrícola _935491 |
||
| 650 |
_aEducación superior _935599 |
||
| 901 | _aFOLLETO 307 | ||
| 902 | _aM | ||
| 910 | _a1991 | ||
| 942 | _cc14 | ||
| 942 | _cc14 | ||
| 999 |
_c165128 _d165128 |
||